[Event "Schweinfurt op 29th"]
[Site "Schweinfurt"]
[Date "2019.06.20"]
[Round "1"]
[White "Perez Celis, Alba"]
[Black "Mirring, Patrick"]
[Result "1-0"]
[WhiteElo "1822"]
[BlackElo "1430"]
[PlyCount "99"]
[EventDate "2019.06.20"]
[EventType "swiss"]
[EventRounds "7"]
[EventCountry "GER"]
[SourceTitle "CBM 191 Extra"]
[Source "ChessBase"]
[SourceDate "2019.09.30"]
[SourceVersion "1"]
[SourceVersionDate "2019.09.30"]
[SourceQuality "1"]

1. e4 e6 2. d4 d5 3. exd5 exd5 4. c3 Nf6 5. h3 Bd6 6. Nf3 0-0 7. Be2 Nc6 8. Bg5 h6 9. Bh4 Bf5 10. Nbd2 Re8 11. Nf1 Re6 12. Ne3 Be4 13. Qd2 Ne7 14. 0-0-0 Ng6 15. Bxf6 Qxf6 16. Rhf1 Nf4 17. Ng4 Nxe2+ 18. Qxe2 Bf4+ 19. Ne3 Rae8 20. Rde1 c6 21. Nd2 Bxg2 22. Rg1 Bxe3 23. fxe3 Rxe3 24. Qxe3 Rxe3 25. Rxe3 Qf2 26. Rge1 Qf5 27. h4 Qf6 28. Rg1 Qf2 29. Rge1 Qxh4 30. R1e2 Qf4 31. Re8+ Kh7 32. Rxg2 Qh4 33. Rge2 a5 34. R8e7 Qh5 35. Rf2 b5 36. Rfxf7 Qg6 37. Rxg7+ Qxg7 38. Rxg7+ Kxg7 39. Nf3 h5 40. Kd2 b4 41. Ke3 Kf6 42. Ne5 c5 43. Nd7+ Kf5 44. Nxc5 Kg4 45. cxb4 axb4 46. Nd3 Kg3 47. Nxb4 h4 48. Nd3 h3 49. Nf2 h2 50. a4 1-0

[Event "Schweinfurt op"]
[Site "Schweinfurt"]
[Date "2007.05.20"]
[Round "7"]
[White "Mirring, Patrick"]
[Black "Benndorf, Peter"]
[Result "0-1"]
[WhiteElo "1350"]
[BlackElo "1738"]
[PlyCount "64"]
[EventDate "2007.05.17"]
[EventType "swiss"]
[EventRounds "7"]
[EventCountry "GER"]
[SourceTitle "CBM 118 Extra"]
[Source "ChessBase"]
[SourceDate "2007.07.04"]
[SourceVersion "1"]
[SourceVersionDate "2007.07.04"]
[SourceQuality "1"]

1. d4 e6 2. e4 d5 3. exd5 exd5 4. Nc3 Be7 5. Nf3 Nf6 6. Ne5 0-0 7. Be2 c6 8. 0-0 Qc7 9. Bg5 h6 10. Bh4 Bf5 11. Bd3 Bxd3 12. Qxd3 Nbd7 13. f4 Rad8 14. Qf5 a6 15. Ne2 c5 16. c3 Nb6 17. Ng3 Nc4 18. Nxc4 dxc4 19. dxc5 Bxc5+ 20. Kh1 Rd5 21. Qc2 Ng4 22. Rf3 Qd7 23. Ne4 Bb6 24. h3 Ne3 25. Qe2 Nf5 26. Bf2 Bxf2 27. Qxf2 Rd8 28. Kh2 Qc6 29. g4 Nd6 30. Nxd6 Qxd6 31. Qg3 Qb6 32. Rb1 Rd2+ 0-1

[Event "Schweinfurt op"]
[Site "Schweinfurt"]
[Date "2007.05.17"]
[Round "1"]
[White "Mirring, Patrick"]
[Black "Kuhn, Norbert"]
[Result "0-1"]
[WhiteElo "1350"]
[BlackElo "2156"]
[PlyCount "80"]
[EventDate "2007.05.17"]
[EventType "swiss"]
[EventRounds "7"]
[EventCountry "GER"]
[SourceTitle "CBM 118 Extra"]
[Source "ChessBase"]
[SourceDate "2007.07.04"]
[SourceVersion "1"]
[SourceVersionDate "2007.07.04"]
[SourceQuality "1"]

1. e4 e6 2. Nc3 d5 3. exd5 exd5 4. d4 Nf6 5. Nf3 Bd6 6. Qe2+ Be6 7. Bg5 0-0 8. 0-0-0 Nbd7 9. Ne5 c6 10. h3 Qa5 11. Nxd7 Nxd7 12. Bd2 b5 13. Qd3 b4 14. Nb1 Qxa2 15. Qb3 Qa1 16. Bxb4 Bf4+ 17. Bd2 Bxd2+ 18. Rxd2 Qa5 19. Qa3 Qc7 20. f3 Bf5 21. Bd3 Bxd3 22. Rxd3 Nf6 23. Nd2 Rfe8 24. Kd1 h6 25. Re1 Rxe1+ 26. Kxe1 Qd7 27. f4 Qc7 28. Re3 Qxf4 29. Qc5 Rb8 30. Qxc6 Rxb2 31. Qc3 Rb8 32. Re7 a5 33. Qxa5 Qxd4 34. Qc7 Ra8 35. Rxf7 Ra1+ 36. Ke2 Ne4 37. Nb3 Qd1+ 38. Ke3 Qe1+ 39. Kd4 Rd1+ 40. Ke5 Ng5+ 0-1